000 00843nas a2200301 4500
001 BR9200157
003 BR-BrBNA
005 20231205092223.0
007 ta
008 230509b bl.|||p| |||| 00| 00por d
040 _aBR-BrBNA
_bpor
_cBiblioteca Nacional de Agricultura
041 _a(Pt)
072 _aF01
100 1 _aCosta, P.C. da
100 1 _aSantinato, R.
100 1 _aGrohmann, F.
100 1 _aMatiello, J.B.
245 1 _aDados preliminares de nova tecnologia para producao de mudas de cafe
650 _aCAFE
650 _aMUDA
650 _aTRANSPLANTE DE PLANTA
650 _aTECNOLOGIA AGRICOLA
650 _aCAMPINAS
650 _aSAO PAULO
773 0 _tCafeicultura Moderna (Brazil)
_x
_g(Jan-Feb 1989), v. 2(5) p. 22-25
_wBR9200157
909 _a202311
_bLúcia
_c55
_dLúcia Elande
942 _2AGRIS
_n0
_cANA
999 _c130185
_d130185